Statistics for Which Countries Had The Same Name As An Empire?

Click here to take the quiz!

General Stats

  • This quiz has been taken 20 times
  • The average score is 12 of 15

Answer Stats

Answer% Correct
France
94%
Germany
94%
Russia
94%
Hungary
88%
Austria
82%
Britain
82%
Italy
82%
Japan
82%
Mali
82%
Mexico
82%
Brazil
76%
Mongolia
65%
Bulgaria
59%
Macedonian
53%
Serbia
47%

Score Distribution

Percentile by Number Answered

Percent of People with Each Score

Your Score History

You have not taken this quiz